Fifa 22 Top 25 France Players - Statistics

General Stats
  • This quiz has been taken 1,062 times
  • The average score is 18 of 25
Answer Stats
Rating Club Player % Correct
91 PSG Kylian Mbappe
100%
90 Chelsea N'Golo Kante
96%
89 Real Madrid Karim Benzema
95%
87 Tottenham Hotspur Hugo Lloris
93%
87 Manchester United Paul Pogba
91%
85 Atletico Madrid Antoine Griezmann
90%
86 Manchester United Raphael Varane
86%
86 Bayern Munich Kingsley Coman
84%
83 Bayern Munich Lucas Hernandez
83%
84 AC Milan Theo Hernandez
83%
83 FC Barcelona Ousmane Dembele
76%
84 Real Betis Nabil Fekir
75%
83 Real Madrid Ferland Mendy
66%
84 AC Milan Mike Maignan
65%
83 PSG Presnel Kimpembe
65%
84 AS Monaco Wissam Ben Yedder
65%
83 Sevilla FC Jules Kounde
62%
82 FC Barcelona Clement Lenglet
58%
83 Atletico Madrid Thomas Lemar
54%
82 Bayern Munich Dayot Upamecano
53%
84 Everton Lucas Digne
52%
82 Arsenal Alexandre Lacazette
51%
81 Bayer Leverkusen Moussa Diaby
46%
82 Tottenham Hotspur Tanguy Ndombele
41%
82 West Ham United Alphonse Areola
40%
No matching quizzes found
Score Distribution
Percent of People with Each Score
Percentile by Number Answered
Your Score History
You have not taken this quiz